000 00977ngm a22003850a 4500
001 PT47779
003 AR-LpoUNG
005 20210202000031.0
007 vd cvaizq
008 191001s2010||||ag |||||||||||||||||spa d
037 _c$2,50
040 _aAR-LpoUNG
_bspa
_cAR-LpoUNG
_eaacr
041 _aspa
044 _aag
082 0 _a982 146v1
100 1 _aGalasso, Norberto
245 1 0 _aCorrientes historiográficas
260 _aBuenos Aires :
_bCentro Cultural Enrique Santos Discépolo,
_c2010.
300 _aDVD (30 min.) : son., byn, col.
650 4 _aANALISIS HISTORICO
650 4 _aARGENTINA
650 4 _aHISTORIA
650 4 _aHISTORIA POLITICA
650 4 _aHISTORIA SOCIAL
650 4 _aINVESTIGACION
651 4 _aArgentina
653 _aCINE ARGENTINO
653 _aDOCUMENTALES
653 _aDVD
653 _aREVISIONISMO HISTORICO
653 _aVIDEOS
700 1 _aZilber, Rubén
_edir.
905 _a47779
942 _cDVD
999 _c53993
_d53993